Planning And Environmental Protection : A n Introductory Guide. (Record no. 17111)
[ view plain ]
| 000 -LEADER | |
|---|---|
| fixed length control field | 00424nam a2200157Ia 4500 |
| 008 - FIXED-LENGTH DATA ELEMENTS--GENERAL INFORMATION | |
| fixed length control field | 230116s9999 xx 000 0 und d |
| 020 ## - INTERNATIONAL STANDARD BOOK NUMBER | |
| International Standard Book Number | 9780727731029 |
| 041 ## - LANGUAGE CODE | |
| Language code of text/sound track or separate title | eng |
| 082 ## - DEWEY DECIMAL CLASSIFICATION NUMBER | |
| Classification number | 720.47 |
| 100 ## - MAIN ENTRY--PERSONAL NAME | |
| Personal name | Telford T. |
| 9 (RLIN) | 106443 |
| 245 ## - TITLE STATEMENT | |
| Title | Planning And Environmental Protection : A n Introductory Guide. |
| 260 ## - PUBLICATION, DISTRIBUTION, ETC. (IMPRINT) | |
| Name of publisher, distributor, etc. | Thomas Telford Publishing. |
| Date of publication, distribution, etc. | 2002 |
| 300 ## - PHYSICAL DESCRIPTION | |
| Extent | 120 |
| 906 ## - LOCAL DATA ELEMENT F, LDF (RLIN) | |
| b | 37.0 |
| Withdrawn status | Lost status | Damaged status | Not for loan | Collection code | Home library | Current library | Shelving location | Date acquired | Vendor | Cost, normal purchase price | Full call number | Barcode | Date last seen | Cost, replacement price | Bill Date | Koha item type | Original Barcode |
|---|---|---|---|---|---|---|---|---|---|---|---|---|---|---|---|---|---|
| Book of B Arch | Dr. Bhanuben Nanavati College of Architecture | Dr. Bhanuben Nanavati College of Architecture | 20/08/2019 | Word Book Shop | 2933.50 | 720.47 TEL | BNCA-BK-11199 | 03/08/2022 | 2983.50 | 25/07/2019 | Reference book | B11199 | |||||
| Book of M Arch EA | Dr. Bhanuben Nanavati College of Architecture | Dr. Bhanuben Nanavati College of Architecture | 21/12/2022 | Metro Books | 2207.21 | 720.47 TEL | BNCA-BK-12083 | 16/01/2023 | 3503.50 | 16/01/2023 | Reference book | B012083 |